[Event "Velika Gorica op 8th"]
[Site "Velika Gorica"]
[Date "2008.08.30"]
[Round "9"]
[White "Heged, Vlado"]
[Black "Smuk, Zelimir"]
[Result "1-0"]
[WhiteElo "2161"]
[BlackElo "2156"]
[PlyCount "63"]
[EventDate "2008.08.23"]
[EventType "swiss"]
[EventRounds "9"]
[EventCountry "CRO"]
[SourceTitle "CBM 126 Extra"]
[Source "ChessBase"]
[SourceDate "2008.11.05"]
[SourceVersion "1"]
[SourceVersionDate "2008.11.05"]
[SourceQuality "1"]

1. e4 Nf6 2. Nc3 d5 3. exd5 Nxd5 4. Bc4 Nxc3 5. Qf3 e6 6. dxc3 Nd7 7. Bf4 Bd6 8. Bxd6 cxd6 9. Qg3 Nf6 10. 0-0-0 Ke7 11. Nh3 Qb6 12. Rhe1 Qc5 13. Rd4 Bd7 14. Nf4 Rhg8 15. Nd3 Qb6 16. Nf4 g5 17. Nd5+ Nxd5 18. Rxd5 h6 19. f4 gxf4 20. Qh4+ Ke8 21. Rd2 f3 22. gxf3 Rg1 23. Rd4 Rxe1+ 24. Qxe1 Rc8 25. f4 Rc5 26. Qh4 e5 27. fxe5 dxe5 28. Bxf7+ Kxf7 29. Rxd7+ Kg6 30. Qg4+ Kf6 31. Qg7+ Kf5 32. Rf7+ 1-0

[Event "Velika Gorica op 8th"]
[Site "Velika Gorica"]
[Date "2008.08.26"]
[Round "5"]
[White "Heged, Vlado"]
[Black "Cesmadziski, Tin"]
[Result "0-1"]
[WhiteElo "2161"]
[BlackElo "1973"]
[PlyCount "114"]
[EventDate "2008.08.23"]
[EventType "swiss"]
[EventRounds "9"]
[EventCountry "CRO"]
[SourceTitle "CBM 126 Extra"]
[Source "ChessBase"]
[SourceDate "2008.11.05"]
[SourceVersion "1"]
[SourceVersionDate "2008.11.05"]
[SourceQuality "1"]

1. e4 e5 2. Nf3 Nc6 3. d4 exd4 4. Bc4 Nf6 5. 0-0 Bc5 6. e5 d5 7. exf6 dxc4 8. Re1+ Be6 9. Ng5 Qd5 10. Nc3 Qf5 11. Nce4 Bb6 12. fxg7 Rg8 13. Nxe6 fxe6 14. Qh5+ Qxh5 15. Nf6+ Kf7 16. Nxh5 Rad8 17. Bd2 Rd5 18. Nf4 Rd6 19. Nh5 Rd5 20. Nf4 Rf5 21. Re4 e5 22. g4 Rxg7 23. Ng2 Rf6 24. Rae1 Rfg6 25. g5 h6 26. h4 hxg5 27. hxg5 c3 28. bxc3 dxc3 29. Bc1 Rxg5 30. Bxg5 Rxg5 31. Kf1 Bd4 32. f4 Rf5 33. Ke2 exf4 34. Nxf4 Bc5 35. Kd3 a5 36. Rh1 Bd6 37. Rh4 Nb4+ 38. Kxc3 Bxf4 39. a3 Nd5+ 40. Kd4 Bd6 41. c4 Nf6 42. Re2 Bxa3 43. Rh3 Bb4 44. Rh8 Bc5+ 45. Kc3 Rf3+ 46. Kb2 Rf2 47. Rxf2 Bxf2 48. Rc8 Bg3 49. Kb3 Ke7 50. Ka4 b6 51. c5 Kd7 52. Rf8 Be5 53. Kb5 bxc5 54. Kxa5 Kc6 55. Ka4 Kd5 56. Kb3 c4+ 57. Kc2 Ng4 0-1

[Event "Velika Gorica op 8th"]
[Site "Velika Gorica"]
[Date "2008.08.24"]
[Round "3"]
[White "Heged, Vlado"]
[Black "Galoic, Boris"]
[Result "1/2-1/2"]
[WhiteElo "2161"]
[BlackElo "1967"]
[PlyCount "107"]
[EventDate "2008.08.23"]
[EventType "swiss"]
[EventRounds "9"]
[EventCountry "CRO"]
[SourceTitle "CBM 126 Extra"]
[Source "ChessBase"]
[SourceDate "2008.11.05"]
[SourceVersion "1"]
[SourceVersionDate "2008.11.05"]
[SourceQuality "1"]

1. e4 c6 2. d4 d5 3. Nd2 e6 4. e5 Qb6 5. Nb3 c5 6. dxc5 Bxc5 7. Nxc5 Qxc5 8. Nf3 Nc6 9. c3 Qb6 10. Bd3 Nge7 11. 0-0 Bd7 12. Qe2 Qc7 13. Bf4 h6 14. Rac1 f5 15. exf6 Qxf4 16. fxe7 Nxe7 17. Ne5 0-0-0 18. Rfe1 Qf6 19. Qe3 b6 20. a4 Rhf8 21. g3 Nf5 22. Bxf5 exf5 23. Qd4 Be8 24. c4 dxc4 25. Qxc4+ Kb8 26. Qc7+ Ka8 27. Nc6 Bxc6 28. Rxc6 Rf7 29. Rxf6 Rxc7 30. Rxf5 Rd2 31. b4 Rd4 32. Rb5 Kb7 33. Rb1 Rcc4 34. Re1 a6 35. Rf5 Rxb4 36. Re7+ Kc6 37. a5 Rd7 38. Rxd7 Kxd7 39. Rf7+ Kc6 40. axb6 Kxb6 41. Rxg7 a5 42. Rg6+ Kb5 43. Rxh6 a4 44. Rh5+ Kb6 45. Rh8 Kb7 46. Rh7+ Kb6 47. Rh6+ Kb7 48. Rh5 Kb6 49. Rh8 Kb7 50. Kg2 a3 51. Rh5 Kb6 52. Rh6+ Kb7 53. Rh7+ Kb6 54. Rh8 1/2-1/2